ARRUPE JESUIT UNIVERSITY

CORONAVIRUS -STOP THE SPREAD - CLEAN,DISINFECT,COVER
Normal view MARC view

Entry Topical Term

Number of records used in: 1

001 - CONTROL NUMBER

  • control field: 41397

003 - CONTROL NUMBER IDENTIFIER

  • control field: ARRUPE

005 - DATE AND TIME OF LATEST TRANSACTION

  • control field: 20180411102639.0

008 - FIXED-LENGTH DATA ELEMENTS

  • fixed length control field: 180411|| aca||aabn | a|a d

040 ## - CATALOGING SOURCE

  • Original cataloging agency: ARRUPE
  • Transcribing agency: ARRUPE

150 ## - HEADING--TOPICAL TERM

  • Topical term or geographic name as entry element: Balance of payments
  • Geographic subdivision: Russia (Federation)

670 ## - SOURCE DATA FOUND

  • Source citation: Work cat.: (ARRUPE)0: McGettigan, Donal. 41395, Current account and external sustainability in the Baltics, Russia, and other countries of the former Soviet Union /, 2000.

 

Arrupe Library. PO Box MP320 Mt Pleasant, Harare, Zimbabwe
263 242 745411|librarian@aju.ac.zw